000
00308nam a2200121Ia 4500
005
20260326100026.0
008
260326s9999||||xx |||||||||||||| ||und||
100
_a
MartÃnez, Carlos
245
0
_a
Arquitectura en Colombia /
_c
Carlos MartÃnez
260
_b
Proa
650
_a
ARQUITECTURA REGIONAL
942
_c
BK
999
_c
6416
_d
6416